00788nam a2200265Ia 4500001001400000003000900014005001700023008004100040020001500081040002300096050001700119100002400136245003000160260004700190650001600237650004000253650003600293650000700329650004400336650005000380650001900430651004800449887001600497888000900513AUWbook000737BDCtgAUW20260406154917.0220908s9999 xx 000 0 eng d a0385413726 aBDCtgAUWcBDCtgAUW aDS119.7.F7361 aFriedman, Thomas L. 0aFrom beirut to jerusalem. aNew York :bAnchor Books/Doubleday,c1995. 0a1982x1985. 0aArabxIsraeli conflictx1973x1993. 0aArabxIsraeli conflictx1993x. 0aL. 0aLebanonxHistoryxIsraeli intervention. 0aLebanonxPolitics and governmentx1975x1990. 0aWorld history. 0aMiddle EastxPolitics and governmenty1979. a BRAC22982 22982